00425nam a2200145Ia 4500008004100000020001800041041000800059082001700067100002100084245010300105250000600208260003100214300001300245650002100258210716s2014 xx 000 0 und d a9781420083941 aeng a005.761 BHAN aBhansali, Neera. aStrategic data warehousing: achieving alignment with business.bAchieving alignment with business. a1 aNew DelhibCRC Pressc2014 axvii,199 aData Warehousing